MARC

LEADER 00000nam0a2200000 4500
001 25073
005 20231030200615.0
010 |a 522200922X 
035 |a (RuTPU)RU\TPU\book\25309 
035 |a BOOK00000038 
090 |a 25073 
100 |a 20011209d1999 m y0rusy50 ca 
101 0 |a rus 
102 |a RU 
105 |a y j 000zy 
200 1 |a Бухгалтерский учет и аудит  |e 500 вопросов и ответов 
210 |a Ростов-на-Дону  |c Феникс  |d 1999 
215 |a 448 с. 
225 1 |a Учебники и учебные пособия 
610 1 |a финансы 
610 1 |a аудит 
610 1 |a бухгалтерский учет 
610 1 |a финансовый учет 
610 1 |a управленческий учет 
610 1 |a учебные пособия 
675 |a 657.22(075.8)  |v 3 
675 |a 657.6(075.8)  |v 3 
801 0 |a RU  |b 63413507  |c 20011209  |g PSBO 
801 2 |a RU  |b 63413507  |c 20090113  |g PSBO 
942 |c BK